Statistics for Two Letter U.S. State Abbreviations for Non-Stenographers

Click here to take the quiz!

General Stats

  • This quiz has been taken 21 times
  • The average score is 46 of 50

Answer Stats

StateAbbv.% Correct
AlaskaAK
100%
AlabamaAL
100%
ArkansasAR
94%
ArizonaAZ
94%
CaliforniaCA
94%
ColoradoCO
94%
ConnecticutCT
94%
DelawareDE
94%
FloridaFL
94%
GeorgiaGA
94%
HawaiiHI
94%
IowaIA
94%
IdahoID
94%
IllinoisIL
94%
IndianaIN
94%
KansasKS
94%
KentuckyKY
94%
LouisianaLA
94%
MassachusettsMA
94%
MarylandMD
94%
MaineME
94%
MichiganMI
94%
MinnesotaMN
94%
MissouriMO
94%
MississippiMS
94%
MontanaMT
94%
NebraskaNE
94%
New HampshireNH
94%
New JerseyNJ
94%
New MexicoNM
94%
NevadaNV
94%
New YorkNY
94%
North CarolinaNC
88%
North DakotaND
88%
OhioOH
88%
OklahomaOK
88%
OregonOR
88%
PennsylvaniaPA
88%
Rhode IslandRI
88%
South CarolinaSC
88%
South DakotaSD
88%
TennesseeTN
88%
TexasTX
88%
UtahUT
88%
VirginiaVA
88%
VermontVT
88%
WashingtonWA
88%
WisconsinWI
88%
West VirginiaWV
88%
WyomingWY
88%

Score Distribution

Percentile by Number Answered

Percent of People with Each Score

Your Score History

You have not taken this quiz